| 000 | 00835nam a2200205 a 4500 | ||
|---|---|---|---|
| 003 | 0 | ||
| 005 | 20250224092737.0 | ||
| 008 | 101013s19uu xx 00 eng d | ||
| 050 |
_aPHS E 184.J3 _b.M31 2010 |
||
| 100 | _aManansala, Melissa. | ||
| 245 |
_aThe Japanese-American experience in the United States of America during World War II / _cMelissa Manansala. |
||
| 260 |
_aLas Piñas City, Philippines : _bSouthville International School and Colleges, _c2010. |
||
| 300 |
_a40 pages : _billustrations ; _c30 cm. |
||
| 504 | _aIncludes bibliographical references. | ||
| 650 |
_aJapanese Americans _xHistory _z20th century. |
||
| 650 |
_aWorld War, 1939–1945 _zUnited States. |
||
| 650 |
_aJapanese Americans _xEvacuation and relocation, 1942–1945. |
||
| 650 | _aInternment of Japanese Americans, 1942–1945. | ||
| 942 |
_2lcc _cPASS |
||
| 999 |
_c98406 _d98406 |
||